00352 a2200145 4500020001800000082001200018100001800030110002100048245003400069250001200103260002700115300001100142650004000153700001300193 a9781430234494 a005.133 a Katz, Max aShaikovsky, Ilya aPractical richfacescMax Katz a2nd ed. aNew YorkbApressc2011 a392 p. aWeb sites--Design--JavaServer pages aMax Katz